| 000 | 01024 a2200349 4500 | ||
|---|---|---|---|
| 999 |
_c71390 _d18167 |
||
| 001 | 71390 | ||
| 003 | TR-AnTOB | ||
| 005 | 20200408110028.0 | ||
| 008 | 080729s1983 tu 00000 tur | ||
| 035 | _a71390 | ||
| 040 |
_aTR-AnTOB _cTR-AnTOB |
||
| 041 | _atur | ||
| 050 |
_aDR593 _b.T86 1983 |
||
| 090 | _aDR593 .T86 1983 | ||
| 100 |
_aTunçay, Mete _925727 |
||
| 245 | 0 |
_aBilineceği bilmek / _cMete Tunçay. |
|
| 264 | 1 |
_aİstanbul: _bAlan Yayıncılık, _c1983. |
|
| 300 |
_a270 s.; _c20 cm. |
||
| 336 |
_2rdacontent _atext _btxt |
||
| 337 |
_2rdamedia _aunmediated _bn |
||
| 338 |
_2rdacarrier _avolume _bnc |
||
| 490 | 0 |
_aAlan yayıncılık ; _v16 _aDüşünce dizisi ; _v4 |
|
| 500 | _aBibliyografik referanslar içerir. | ||
| 590 | _aSn. Celil Güngör tarafından | ||
| 651 |
_aTurkey _xPolitics and government _y1960-1980 _923069 |
||
| 651 |
_aTürkiye _xSiyaset ve yönetim _y1960-1980 _9119068 |
||
| 902 | _a0024552 | ||
| 903 | _aMerkez Kütüphane | ||
| 942 |
_cBK _2lcc |
||
| 945 | _aAY.CS | ||